Compo de l'équipe de France 2023. - Statistiques

Statistiques générales
  • Ce quiz a été pris 66 fois
  • Le résultat moyen est 10 sur 11
Statistiques - réponses
Postes Noms % Correct
Gardien Maignan
100%
Attaquant Mbappé
98%
Défense Konaté
93%
Milieu Tchouaméni
93%
Attaquant Dembélé
90%
Défense Hernandez
86%
Défense Koundé
86%
Milieu Griezman
85%
Défense Upamécano
83%
Milieu Camavinga
81%
Attaquant Coman
54%
Aucun quiz correspondant
Distribution des résultats
% des personnes avec chaque résultat
Percentile par nombre de réponses
Votre historique - résultats
Vous n’avez pas pris ce quiz